Od reštrukturalizácie bánk závisí vývoj hospodárstva

Prepojenie medzi podnikovým a bankovým sektorom. Problémy okolo kapitalizácie bankových pohľadávok v SR. Potreba ozdravenia bankového a podnikového sektora. Nedobytné úvery. Kapitálová štruktúra slovenských bánk. Nevyhnutnosť prílevu zahraničného kapitálu.

Gespeichert in:
Bibliographische Detailangaben
1. Verfasser: Sulciová, Silvia
Format: Buchkapitel
Sprache:Slowakisch
Schlagworte:
Tags: Tag hinzufügen
Keine Tags, Fügen Sie das erste Tag hinzu!

MARC

LEADER 00000naa a2200000 4500
001 r035551
005 20230921103809.1
041 0 |a slo 
044 |a SK 
245 1 0 |a Od reštrukturalizácie bánk závisí vývoj hospodárstva  |c Silvia Sulciová 
520 |a Prepojenie medzi podnikovým a bankovým sektorom. Problémy okolo kapitalizácie bankových pohľadávok v SR. Potreba ozdravenia bankového a podnikového sektora. Nedobytné úvery. Kapitálová štruktúra slovenských bánk. Nevyhnutnosť prílevu zahraničného kapitálu. 
610 2 0 |a banky 
610 2 0 |a reštrukturalizácia 
610 2 0 |a podnik 
610 2 0 |a vývoj hospodársky 
610 2 0 |a kapitál bankový 
610 2 0 |a kapitál zahraničný 
610 2 0 |a Slovensko 
610 2 0 |a štruktúra kapitálová 
100 1 |a Sulciová, Silvia